000
00228nam a2200097Ia 4500
005
20251222120159.0
008
251222s1900||||xx |||||||||||||| ||spa||
082
_a
DVD0070/K56/1943
245
4
_a
The Song of Bernadette:
942
_c
DVD
999
_c
2372
_d
2372